ბათუმის შოთა რუსთაველის სახელმწიფო უნივერსიტეტის ბიბლიოთეკა

Справочник по садоводству (ბიბ.ჩანაწერი № 45672)

000 -LEADER
fixed length control field 00600nam a2200217Ia 4500
001 - CONTROL NUMBER
control field 12498
003 - CONTROL NUMBER IDENTIFIER
control field GE_BSU
008 - FIXED-LENGTH DATA ELEMENTS--GENERAL INFORMATION
fixed length control field 181216s||||||||xx |||||||||||||| ||und||
040 ## - CATALOGING SOURCE
Transcribing agency GE_BSU
080 ## - UNIVERSAL DECIMAL CLASSIFICATION NUMBER
Universal Decimal Classification number 634.1(03)
100 ## - MAIN ENTRY--PERSONAL NAME
Personal name Егоров,В. Назарян,Е.
245 ## - TITLE STATEMENT
Title Справочник по садоводству
245 ## - TITLE STATEMENT
Statement of responsibility, etc. Ред.А.Веселкина
250 ## - EDITION STATEMENT
Edition statement 3 перераб.
260 ## - PUBLICATION, DISTRIBUTION, ETC.
Place of publication, distribution, etc. Москва
260 ## - PUBLICATION, DISTRIBUTION, ETC.
Name of publisher, distributor, etc. Профиздат
260 ## - PUBLICATION, DISTRIBUTION, ETC.
Date of publication, distribution, etc. 1953
300 ## - PHYSICAL DESCRIPTION
Extent 183стр.20см.илл.
653 ## - INDEX TERM--UNCONTROLLED
Uncontrolled term Справочник по садоводству
942 ## - ADDED ENTRY ELEMENTS (KOHA)
Koha item type წიგნი
ეგზემპლარები
Withdrawn status Lost status Damaged status Not for loan Date acquired Barcode Date last seen Price effective from Koha item type
        2018-12-17 20531 2018-12-17 2018-12-17 წიგნი